Cancionero del tiempo de rosas /
Guardado en:
| Autor Principal: | |
|---|---|
| Formato: | Libro |
| Publicado: |
Buenos Aires :
Emecé,
1941
|
| Edición: | 2a. ed. |
| Series: | Colección Buen Aire
|
| Materias: | |
| Etiquetas: |
Agregar Etiqueta
Sin Etiquetas, Sea el primero en etiquetar este registro!
|
| LEADER | 00665nam a22002295a 4500 | ||
|---|---|---|---|
| 001 | CEM.cems003717 | ||
| 005 | 20100914125820.0 | ||
| 008 | 130507s1941##################000#0#####d | ||
| 003 | CEMS | ||
| 082 | 0 | 4 | |a A861.4 |
| 100 | 1 | |a Lanuza, Jose Luis | |
| 245 | 1 | 0 | |a Cancionero del tiempo de rosas / |c Selección de José Luis Lanuza |
| 250 | |a 2a. ed. | ||
| 260 | |a Buenos Aires : |b Emecé, |c 1941 | ||
| 300 | |a 90 p. | ||
| 490 | 0 | |a Colección Buen Aire | |
| 653 | |a Cancionero argentino | ||
| 653 | |a Literatura | ||
| 653 | |a Literatura argentina-siglo 19 | ||
| 653 | |a Poesía | ||
| 653 | |a Poesía argentina | ||
| 859 | |a CEMS |b BIB. CEMS - 11 de abril |h A861.4 |i L297a2 |p 9207.81 |t Ej.1 | ||
